00473nam a2200181Ia 4500003000400000008004100004040001600045082001700061100001700078245004600095260003800141300001000179650001500189650002600204650002000230650001600250650002500266GCL140319s9999 xx 000 0 eng d aGCL / cGCL04a823.912bL P1 aLEVIN, HARRY10aTHE PORTABLE JAMES JOYCE / cLEVIN, HARRY a[S.N] : bPENGUIN BOOKS ، c1967 a762 P04aLITERATURE04aHISTORY AND CRITICISM04aENGLISH FICTION04aJAMES JOYCE04aLITERATURE - SOCIETY